00462nam a2200109Ia 4500008004100000100002700041245014500068260004600213300001100259650001300270856006900283160712s9999 xx 000 0 und d aSan Juan, Epifanio Jr. cEpifanio San Juan, Jr.aPanitikan, Ideolohiya, Rebolusyon: Edukasyon at Pedagohiya sa Pagbasa ng Nobelang Desaparasidos ni Lualhati Bautista c2015bDaluyan: Journal ng Wikang Filipino a no. 2 xFILIPINO uhttp://journals.upd.edu.ph/index.php/djwf/issue/view/473/showToc